000 00394pab a2200157 454500
008 180718b2007 xxu||||| |||| 00| 0 eng d
100 _aBose, Satyendranath
245 _aLooking back to a glorious past
260 _c2007
300 _ap.87-90.
362 _a22 Jan
650 _aUniversities - India - West Bengal
650 _aUniversities
773 _aUniversity News
909 _a73210
999 _c73210
_d73210